Normal view
MARC view
- Concept of Programming languages
Entry Topical Term
001 - CONTROL NUMBER
- control field: 126366
003 - CONTROL NUMBER IDENTIFIER
- control field: NUST
005 - DATE AND TIME OF LATEST TRANSACTION
- control field: 20241011100122.0
008 - FIXED-LENGTH DATA ELEMENTS
- fixed length control field: 241011|| aca||aabn | a|a d
040 ## - CATALOGING SOURCE
- Original cataloging agency: NUST
- Transcribing agency: NUST
150 ## - HEADING--TOPICAL TERM
- Topical term or geographic name entry element: Concept of Programming languages
670 ## - SOURCE DATA FOUND
- Source citation: Work cat.: (NUST): Robert W, Sebesta 126365, Concept of Programming languages, 1996.
